LEADER 00763nam a2200205 i 4500 001 000000026059 003 CaOOAMICUS 005 20250723125154.0 008 180830s1959 it u000 u ita u 040 $aSeMil$bita 100 1 $aProdi, Paolo,$d<1932-2016>.$0(OLS)http://semarc/name/17549 245 13$aIl cardinale Gabriele Paleotti /$cPaolo Prodi. 300 $a2 v. ;$c26 cm. 490 1 $aUomini e dottrine 600 14$aPaleotti, Gabriele <1524-1597>.$0(OLS)http://semarc/subject/58311 774 0 $t1.$kUomini e dottrine$g1$w()51918 774 0 $t2.$kUomini e dottrine$g2$w()209829 830 0$aUomini e dottrine.$0(OLS)http://semarc/title/17157 996 $6245$aIl cardinale Gabriele Paleotti$9(OLS)http://semarc/title/35142 LEADER 00914nam a2200241 i 4500 001 000000080370 003 CaOOAMICUS 005 20170428000000.0 008 170428s1974 it u000 u ita u 013 $a52608 040 $aSeMil$bita 100 1 $aMassari, Roberto.$0(OLS)http://semarc/name/38652 245 14$aGli scioperi operai dopo il '68 /$cRoberto Massari. 260 $aMilano :$bJaca Book,$ccopyr. 1968. 300 $a124 p. ;$c19 cm. 490 0 $aLavoro e scuola ;$v9 650 4$aSciopero.$0(OLS)http://semarc/subject/11491 830 0$aLavoro e scuola ;$v9.$0(OLS)http://semarc/title/6270 850 $aSeMil 852 $aSeMil$W1$xVenegono$y1$m3N I 707$j45868$B45868$CSeMilBibl$Z2$F47967 $81 961 $aRecupero: Seminario di Seveso 996 $6245$aGli scioperi operai dopo il '68$9(OLS)http://semarc/title/403894 996 $6260$aMilano :$bJaca Book$9(OLS)http://semarc/publisher/29781